[Event "XL Mar del Plata International open"]
[Site "?"]
[Date "2009.04.09"]
[Round "6"]
[White "Rivas, Lucas Matias"]
[Black "Alpern, Adrian"]
[Result "1-0"]
[WhiteElo "1967"]
[BlackElo "2179"]
[PlyCount "67"]
[EventDate "2009.04.12"]
[SourceDate "2009.04.13"]

1. d4 Nf6 2. Nf3 d6 3. Bf4 c6 4. Nbd2 g6 5. e3 Bg7 6. Bd3 c5 7. c3 Nc6 8. Qe2
O-O 9. O-O Re8 10. e4 cxd4 11. cxd4 Bg4 12. Nb3 e5 13. dxe5 dxe5 14. Bd2 Nd4
15. Nbxd4 exd4 16. h3 Bd7 17. Rac1 Bc6 18. e5 Qb6 19. Bf4 Nd5 20. Bg3 Rad8 21.
a3 Nc7 22. Ng5 Ne6 23. Nxe6 fxe6 24. h4 Bh6 25. Rce1 Qb3 26. h5 Qd5 27. f4 gxh5
28. Rf2 Qd7 29. Qxh5 Bf8 30. Bh4 Rb8 31. f5 exf5 32. Rxf5 Re6 33. Bf6 Qf7 34.
Rg5+ 1-0

[Event "XL Mar del Plata International open"]
[Site "?"]
[Date "2009.04.09"]
[Round "6"]
[White "Mussanti, Diego"]
[Black "Flores, Nancy"]
[Result "1-0"]
[WhiteElo "2327"]
[BlackElo "1913"]
[PlyCount "113"]
[EventDate "2009.04.12"]
[SourceDate "2009.04.13"]

1. e4 c5 2. Nf3 d6 3. d4 cxd4 4. Nxd4 Nf6 5. Nc3 a6 6. Bc4 e6 7. Bb3 Nc6 8. Be3
Be7 9. f4 Qc7 10. Qe2 Bd7 11. f5 Nxd4 12. Bxd4 exf5 13. O-O Be6 14. exf5 Bxb3
15. axb3 O-O 16. Rae1 Bd8 17. Ne4 d5 18. Nxf6+ Bxf6 19. Bxf6 Qb6+ 20. Rf2 Qxf6
21. Qe5 Qxe5 22. Rxe5 Rad8 23. Rd2 d4 24. Kf2 Rd6 25. Ke2 Rfd8 26. Kd3 f6 27.
Re7 b5 28. Rde2 Rd5 29. g4 h5 30. h3 hxg4 31. hxg4 g6 32. fxg6 Rg5 33. R2e4
Rxg6 34. Ra7 f5 35. gxf5 Rg3+ 36. Ke2 d3+ 37. cxd3 Rgxd3 38. Re8+ Rxe8+ 39.
Kxd3 Re5 40. f6 Re6 41. f7+ Kg7 42. Kd4 Re2 43. Rxa6 Rxb2 44. Kc3 Rf2 45. Ra7
Rf4 46. Rb7 Kf8 47. Rxb5 Kxf7 48. Re5 Kf6 49. Re3 Rf5 50. Kd4 Rb5 51. Kc4 Rb8
52. b4 Rc8+ 53. Kd5 Rb8 54. Kc5 Rc8+ 55. Kd6 Rb8 56. Rf3+ Kg5 57. Rb3 1-0

[Event "XL Mar del Plata International open"]
[Site "?"]
[Date "2009.04.09"]
[Round "6"]
[White "Moreda, Lucas"]
[Black "Daneri, Martin"]
[Result "1-0"]
[WhiteElo "2322"]
[BlackElo "2149"]
[PlyCount "57"]
[EventDate "2009.04.12"]
[SourceDate "2009.04.13"]

1. e4 e6 2. d4 d5 3. Nc3 Bb4 4. Nge2 dxe4 5. a3 Bxc3+ 6. Nxc3 Nc6 7. Bb5 Nge7
8. Bg5 f6 9. Be3 f5 10. Qh5+ g6 11. Qh6 Kf7 12. O-O-O Nd5 13. Nxd5 exd5 14.
Bxc6 bxc6 15. Bf4 Qf8 16. Qh3 h6 17. Bxc7 Qe7 18. Be5 Qg5+ 19. Kb1 Re8 20. Qc3
Bd7 21. h4 Qxg2 22. Qe3 h5 23. Rhg1 Qf3 24. Qh6 Rg8 25. Qh7+ Ke6 26. Rxg6+ Rxg6
27. Qxg6+ Ke7 28. Qd6+ Kd8 29. Rg1 1-0

[Event "XL Mar del Plata International open"]
[Site "?"]
[Date "2009.04.09"]
[Round "6"]
[White "Zamorano, Jorge"]
[Black "Cristobal, Manuel"]
[Result "1-0"]
[WhiteElo "2247"]
[BlackElo "2145"]
[PlyCount "51"]
[EventDate "2009.04.12"]
[SourceDate "2009.04.13"]

1. Nf3 Nf6 2. c4 e6 3. g3 d5 4. b3 dxc4 5. bxc4 e5 6. Nc3 Bc5 7. Qc2 Nc6 8. Bg2
Nd4 9. Nxd4 Qxd4 10. O-O Qxc4 11. d3 Qe6 12. Na4 Bd6 13. Nc5 Bxc5 14. Qxc5 c6
15. Ba3 Nd7 16. Qc3 h5 17. d4 h4 18. Rac1 hxg3 19. d5 Qh6 20. Qxg3 cxd5 21. Rc7
Qh4 22. Rfc1 Kd8 23. Qc3 Qxh2+ 24. Kf1 Nb6 25. Qc5 Qh4 26. Re7 1-0

[Event "XL Mar del Plata International open"]
[Site "?"]
[Date "2009.04.09"]
[Round "6"]
[White "Mavrich, Demian"]
[Black "Celestino, Guillermo"]
[Result "1/2-1/2"]
[WhiteElo "2217"]
[BlackElo "2141"]
[PlyCount "126"]
[EventDate "2009.04.12"]
[SourceDate "2009.04.13"]

1. e4 c5 2. Nf3 Nc6 3. c3 e6 4. d4 d5 5. exd5 exd5 6. Be2 Nf6 7. O-O Bd6 8.
dxc5 Bxc5 9. Bg5 Be6 10. Nbd2 O-O 11. Nb3 Be7 12. Nfd4 h6 13. Bxf6 Bxf6 14.
Nxe6 fxe6 15. Bg4 Qd6 16. Qe2 Rfe8 17. Rfe1 e5 18. Rad1 Rad8 19. Qb5 Re7 20.
Be2 a6 21. Qc5 Qxc5 22. Nxc5 d4 23. Bc4+ Kh8 24. Ne4 Red7 25. Be6 Re7 26. Bf5
b6 27. g3 Kg8 28. h4 a5 29. Rd3 Ree8 30. Bg6 Rf8 31. Kg2 Ne7 32. Bh5 Nd5 33.
Bd1 Kh8 34. Bb3 Be7 35. cxd4 exd4 36. Red1 Nf6 37. Rxd4 Nxe4 38. Rxe4 Rxd1 39.
Bxd1 Bc5 40. Re2 g5 41. hxg5 hxg5 42. Rd2 Kg7 43. Bg4 Rf6 44. b3 Kg6 45. Bc8
Rd6 46. Re2 Rf6 47. g4 Bd6 48. Bf5+ Kf7 49. Kf3 Bf4 50. Re4 Rd6 51. Rc4 Kf6 52.
Ke4 Ke7 53. Rc7+ Kf6 54. Rc2 Ke7 55. Kf3 Kf6 56. Ke2 Ke5 57. f3 Kf6 58. Be4 Ke5
59. a3 Kf6 60. b4 axb4 61. axb4 Ke5 62. b5 Kd4 63. Rc6 Rxc6 1/2-1/2

[Event "XL Mar del Plata International open"]
[Site "?"]
[Date "2009.04.09"]
[Round "6"]
[White "Cervetto, Esteban"]
[Black "Virgillito, Cristian"]
[Result "0-1"]
[WhiteElo "2128"]
[BlackElo "2216"]
[PlyCount "82"]
[EventDate "2009.04.12"]
[SourceDate "2009.04.13"]

1. e4 c5 2. Nf3 d6 3. d4 cxd4 4. Nxd4 Nf6 5. Nc3 g6 6. Be2 Bg7 7. O-O O-O 8.
Be3 Nc6 9. Nb3 Be6 10. f4 Qc8 11. Kh1 a5 12. a4 Nb4 13. Rc1 Bc4 14. Re1 Nd7 15.
Bf3 Rd8 16. Nd4 e5 17. Ndb5 Bxb5 18. Nxb5 exf4 19. Bxf4 Bxb2 20. Nxd6 Qb8 21.
e5 Bxe5 22. Nxb7 Bxf4 23. Nxd8 Qxd8 24. Bxa8 Bxc1 25. c3 Ba3 26. cxb4 Bxb4 27.
Rf1 Qe7 28. Bd5 Nf6 29. Qf3 Kg7 30. Bb3 h5 31. g3 Bd6 32. Bc4 Be5 33. Kg2 Qb4
34. Qb3 Qd2+ 35. Rf2 Qd7 36. Qb5 Qc7 37. Bb3 h4 38. gxh4 Bd4 39. Rf3 Qc1 40.
Qc4 Qg1+ 41. Kh3 Qg4# 0-1

[Event "XL Mar del Plata International open"]
[Site "?"]
[Date "2009.04.09"]
[Round "6"]
[White "Fiori, Alberto Nicolas"]
[Black "Sandoval, Teofilo"]
[Result "1/2-1/2"]
[WhiteElo "2193"]
[BlackElo "2121"]
[PlyCount "110"]
[EventDate "2009.04.12"]
[SourceDate "2009.04.13"]

1. e4 g6 2. d4 Bg7 3. Nc3 c5 4. d5 d6 5. Nf3 Nd7 6. Be2 a6 7. a4 Ngf6 8. O-O
O-O 9. h3 Qc7 10. Nd2 Ne8 11. f4 f5 12. Bc4 fxe4 13. Ndxe4 Nef6 14. Qe2 Nxe4
15. Nxe4 Nf6 16. Ng5 Nh5 17. Ra3 Bf6 18. f5 Ng7 19. Nxh7 Kxh7 20. fxg6+ Kg8 21.
g4 Bd7 22. h4 Bd4+ 23. Kg2 Rxf1 24. Qxf1 Rf8 25. Rf3 Qc8 26. c3 Be5 27. Rxf8+
Qxf8 28. Qxf8+ Kxf8 29. h5 Bxg4 30. h6 Ne8 31. Bd3 Kg8 32. c4 a5 33. Bc2 b6 34.
b3 Nf6 35. h7+ Kh8 36. Bh6 Nd7 37. Bg5 Bf6 38. Bxf6+ Nxf6 39. Kg3 Kg7 40. Kf4
Bh3 41. Kg3 Bd7 42. Kf4 Be8 43. Kg5 Nd7 44. Bf5 Nf8 45. h8=Q+ Kxh8 46. Kh6 Bxg6
47. Bxg6 Nxg6 48. Kxg6 Kg8 49. Kh6 Kf7 50. Kg5 Kg7 51. Kf5 Kf7 52. Kg5 Kf8 53.
Kg4 Kg8 54. Kf5 Kf7 55. Kg5 Kg7 1/2-1/2

[Event "XL Mar del Plata International open"]
[Site "?"]
[Date "2009.04.09"]
[Round "6"]
[White "Restuccia, Francisco"]
[Black "Aguilar, Andres"]
[Result "1/2-1/2"]
[WhiteElo "2115"]
[BlackElo "2192"]
[PlyCount "101"]
[EventDate "2009.04.12"]
[SourceDate "2009.04.13"]

1. e4 c5 2. c3 Nf6 3. e5 Nd5 4. d4 cxd4 5. Qxd4 e6 6. Bc4 Nc6 7. Qe4 Nde7 8.
Nf3 Ng6 9. O-O Qc7 10. Re1 b6 11. Bd3 Bb7 12. Qe2 d6 13. exd6 Bxd6 14. Ba6 Bxa6
15. Qxa6 O-O 16. Na3 Nce5 17. Nxe5 Bxe5 18. h3 Rfd8 19. Qe2 Qc6 20. Nc2 Bf6 21.
a4 Rac8 22. a5 Ne5 23. axb6 axb6 24. Nb4 Qc4 25. Qxc4 Nxc4 26. Ra7 h6 27. Kf1
Bg5 28. Rb7 Rd6 29. Bxg5 hxg5 30. Ra1 Na5 31. Rxb6 Rxb6 32. Rxa5 Rxb4 33. cxb4
Rc1+ 34. Ke2 Rc2+ 35. Ke3 Rxb2 36. Rb5 Kh7 37. g3 Kg6 38. Rb6 f6 39. b5 Kf5 40.
Rb7 Rb3+ 41. Kd4 Rf3 42. Rxg7 Rxf2 43. b6 Rb2 44. b7 e5+ 45. Kd5 e4 46. Re7 e3
47. Kc6 Rc2+ 48. Kd7 Rb2 49. Kc8 Rc2+ 50. Kd8 Rb2 51. Kc8 1/2-1/2

[Event "XL Mar del Plata International open"]
[Site "?"]
[Date "2009.04.09"]
[Round "6"]
[White "Mavrich, Leandro Nicolas"]
[Black "Escofet, Jaime"]
[Result "1-0"]
[WhiteElo "2178"]
[BlackElo "2089"]
[PlyCount "67"]
[EventDate "2009.04.12"]
[SourceDate "2009.04.13"]

1. Nf3 c6 2. g3 f5 3. Bg2 Nf6 4. d3 d6 5. O-O e5 6. e4 Be7 7. c3 Na6 8. Re1
fxe4 9. dxe4 O-O 10. Nbd2 Kh8 11. b3 Bg4 12. Ba3 Qe8 13. h3 Be6 14. Qe2 Qh5 15.
Nh4 Qf7 16. Ndf3 Nd7 17. Rad1 Nac5 18. Bc1 h6 19. g4 g5 20. Nf5 Bxf5 21. exf5
a5 22. c4 Kg7 23. Bb2 Kg8 24. Qc2 Rfd8 25. a3 Nb6 26. Bf1 Bf6 27. Nd2 Kg7 28.
b4 axb4 29. axb4 Nca4 30. Ba1 Nc8 31. Ne4 b6 32. c5 bxc5 33. bxc5 Nxc5 34. Nxc5
1-0

[Event "XL Mar del Plata International open"]
[Site "?"]
[Date "2009.04.09"]
[Round "6"]
[White "Maucci, Luis Marcelo"]
[Black "Gallego, Gonzalo"]
[Result "1-0"]
[WhiteElo "1932"]
[BlackElo "2177"]
[PlyCount "79"]
[EventDate "2009.04.12"]
[SourceDate "2009.04.13"]

1. e4 c5 2. Nf3 Nc6 3. d4 cxd4 4. Nxd4 Nf6 5. Nc3 e5 6. Ndb5 d6 7. Bg5 a6 8.
Na3 b5 9. Nab1 Be7 10. Bxf6 Bxf6 11. a4 bxa4 12. Rxa4 O-O 13. Nd5 Bg5 14. Bd3
Bd7 15. Ra1 Nd4 16. c3 Nb5 17. Nd2 g6 18. Nc4 Bc6 19. Nce3 Kh8 20. Qg4 Bd7 21.
Qe2 f5 22. exf5 gxf5 23. h4 Bh6 24. Qh5 Bxe3 25. Nxe3 e4 26. Bc4 f4 27. Nd5 Rf5
28. Qh6 Rc8 29. Bb3 e3 30. fxe3 fxe3 31. Rd1 Qg8 32. Nxe3 Qg3+ 33. Kd2 Rf2+ 34.
Kc1 Nxc3 35. bxc3 Rxc3+ 36. Bc2 Rcxc2+ 37. Nxc2 Qxg2 38. Nd4 Ra2 39. Qf6+ Kg8
40. Qg5+ 1-0

[Event "XL Mar del Plata International open"]
[Site "?"]
[Date "2009.04.09"]
[Round "6"]
[White "Covas, Guillermo Maximilian"]
[Black "Couso, Juan Jose"]
[Result "1/2-1/2"]
[WhiteElo "2167"]
[BlackElo "1981"]
[PlyCount "119"]
[EventDate "2009.04.12"]
[SourceDate "2009.04.13"]

1. g3 d5 2. Bg2 Nf6 3. d3 Bf5 4. Nf3 Nbd7 5. Nh4 e6 6. O-O Bc5 7. Nxf5 exf5 8.
d4 Bd6 9. Qd3 g6 10. f3 Qe7 11. Nc3 c5 12. dxc5 Bxc5+ 13. Kh1 d4 14. b4 Bxb4
15. Qxd4 Qc5 16. Qxc5 Nxc5 17. Bb2 O-O 18. e4 Rfe8 19. e5 Bxc3 20. Bxc3 Nd5 21.
Bd4 Ne6 22. Bf2 f4 23. c4 Nb4 24. Rfd1 Red8 25. Rd6 Nd3 26. Kg1 Nxe5 27. c5 Nc4
28. Rdd1 Ne3 29. Rdc1 Rd2 30. Rc3 Nd1 31. Be1 Rd5 32. Rcc1 Ne3 33. gxf4 Nxf4
34. Bf1 Nxf1 35. Kxf1 Re8 36. Bf2 Rd2 37. Rd1 Rc2 38. Rdc1 Ree2 39. Rxc2 Rxc2
40. c6 b6 41. Bg3 g5 42. h4 h6 43. hxg5 hxg5 44. Bxf4 gxf4 45. Rd1 Rxc6 46. Rd4
Rc2 47. a4 Rb2 48. Rxf4 b5 49. axb5 Rxb5 50. Ke2 a5 51. Rf6 Kg7 52. Ra6 Rb2+
53. Ke3 Ra2 54. Kf4 a4 55. Kf5 a3 56. f4 Ra1 57. Ra7 Ra2 58. Ra6 Ra1 59. Ra7
Ra2 60. Ra6 1/2-1/2

[Event "XL Mar del Plata International open"]
[Site "?"]
[Date "2009.04.09"]
[Round "6"]
[White "Lopez Gomez, Diego"]
[Black "Rodriguez, Gerardo"]
[Result "1-0"]
[WhiteElo "2165"]
[BlackElo "1921"]
[PlyCount "79"]
[EventDate "2009.04.12"]
[SourceDate "2009.04.13"]

1. d4 Nf6 2. c4 g6 3. Nc3 Bg7 4. e4 d6 5. Nf3 O-O 6. Be2 e5 7. O-O Nc6 8. d5
Ne7 9. Ne1 Ne8 10. f3 f5 11. g4 f4 12. Nd3 Kh8 13. Bd2 Ng8 14. Kg2 h5 15. h3
Nh6 16. Rh1 a5 17. c5 Bd7 18. Rb1 c6 19. a3 Qe7 20. Qg1 Nc7 21. cxd6 Qxd6 22.
Qc5 Qf6 23. Qb6 Qd6 24. Qc5 Qf6 25. Rbd1 hxg4 26. hxg4 Bxg4 27. Nxe5 Qxe5 28.
fxg4 Ne6 29. Qf2 Nd4 30. Bf3 Kg8 31. dxc6 bxc6 32. Ne2 Nxe2 33. Qxe2 Qg5 34.
Qc4+ Rf7 35. Qxc6 Rd8 36. Bc3 Rxd1 37. Rxd1 Qh4 38. Be1 Qg5 39. Rd5 Be5 40.
Qc8+ 1-0

[Event "XL Mar del Plata International open"]
[Site "?"]
[Date "2009.04.09"]
[Round "6"]
[White "Prieto, Ernesto"]
[Black "Navarro, Karina"]
[Result "1-0"]
[WhiteElo "2142"]
[BlackElo "1889"]
[PlyCount "57"]
[EventDate "2009.04.12"]
[SourceDate "2009.04.13"]

1. e4 d6 2. d4 Nf6 3. Nc3 g6 4. f4 Bg7 5. Nf3 c6 6. Bd3 O-O 7. O-O Nfd7 8. Kh1
e5 9. dxe5 dxe5 10. f5 Nc5 11. fxg6 hxg6 12. Bg5 Qc7 13. Qe1 Nxd3 14. cxd3 f6
15. Be3 Bh8 16. Qg3 Qh7 17. Nh4 Kg7 18. Rf3 Be6 19. d4 Nd7 20. d5 cxd5 21. exd5
Bg8 22. Nf5+ Kf7 23. Nd6+ Ke7 24. Nxb7 Rfb8 25. Nc5 Rxb2 26. Nxd7 Kxd7 27. Qg4+
f5 28. Qa4+ Ke7 29. Qa3+ 1-0

[Event "XL Mar del Plata International open"]
[Site "?"]
[Date "2009.04.10"]
[Round "7"]
[White "Alonso, Salvador"]
[Black "Calderon Fernandez, Gervasio"]
[Result "1-0"]
[WhiteElo "2489"]
[BlackElo "2302"]
[PlyCount "117"]
[EventDate "2009.04.12"]
[SourceDate "2009.04.13"]

1. e4 c5 2. Nf3 d6 3. d4 cxd4 4. Nxd4 Nf6 5. Nc3 a6 6. Be3 e5 7. Nb3 Be6 8. Qd2
Be7 9. O-O-O Nbd7 10. f4 Ng4 11. g3 Nxe3 12. Qxe3 Rc8 13. Kb1 O-O 14. f5 Bc4
15. Bxc4 Rxc4 16. h4 Nf6 17. Nd2 Rd4 18. Nf3 Rxd1+ 19. Rxd1 Qc7 20. Nd2 Rc8 21.
Qd3 Qc5 22. Rf1 Qd4 23. Qxd4 exd4 24. Ne2 Re8 25. Nxd4 Bd8 26. Re1 Bc7 27. N4f3
d5 28. e5 Nd7 29. c4 d4 30. Kc2 Nxe5 31. Nxe5 Rxe5 32. Rxe5 Bxe5 33. g4 g6 34.
Nf3 d3+ 35. Kxd3 Bxb2 36. Ke4 Kf8 37. fxg6 fxg6 38. Ng5 h5 39. gxh5 gxh5 40.
Kf5 Ke7 41. Kg6 Kd6 42. Kxh5 Kc5 43. Kg6 Kxc4 44. h5 Kd5 45. h6 b5 46. Kf7 a5
47. Ne6 Bh8 48. Nc7+ Kc6 49. Kg8 b4 50. Kxh8 a4 51. Ne6 Kd5 52. Nd4 Kxd4 53.
Kg8 Kc3 54. h7 Kb2 55. h8=Q+ Kxa2 56. Qd4 Kb3 57. Kf7 a3 58. Ke6 Kc2 59. Qc4+
1-0

[Event "XL Mar del Plata International open"]
[Site "?"]
[Date "2009.04.10"]
[Round "7"]
[White "Contin, Daniel"]
[Black "Pierrot, Facundo"]
[Result "0-1"]
[WhiteElo "2321"]
[BlackElo "2422"]
[PlyCount "82"]
[EventDate "2009.04.12"]
[SourceDate "2009.04.13"]

1. c4 c5 2. Nc3 Nc6 3. g3 g6 4. Bg2 Bg7 5. e3 e5 6. Nge2 Nge7 7. b3 O-O 8. Bb2
d6 9. d3 a6 10. Qd2 Rb8 11. O-O b5 12. Rac1 Be6 13. Rfd1 Qd7 14. Nd5 Bg4 15.
Re1 Nxd5 16. cxd5 Ne7 17. f3 Bh3 18. Bxh3 Qxh3 19. e4 f5 20. f4 Bh6 21. Rf1
Rbe8 22. Ba1 Nc8 23. Qa5 fxe4 24. dxe4 exf4 25. Qc3 Re5 26. Qd3 Rh5 27. Rf2
fxg3 28. Rxf8+ Bxf8 29. Qxg3 Qxg3+ 30. Nxg3 Rg5 31. Bf6 Rg4 32. Rf1 Bg7 33. a4
bxa4 34. Bxg7 Kxg7 35. bxa4 Nb6 36. Kg2 Nc4 37. Rb1 h5 38. h3 Rf4 39. h4 Rxh4
40. Rb7+ Kf6 41. Ra7 a5 0-1

[Event "XL Mar del Plata International open"]
[Site "?"]
[Date "2009.04.10"]
[Round "7"]
[White "Van Riemsdijk, Herman Claudius"]
[Black "Tobares, Leandro"]
[Result "1/2-1/2"]
[WhiteElo "2375"]
[BlackElo "2216"]
[PlyCount "54"]
[EventDate "2009.04.12"]
[SourceDate "2009.04.13"]

1. e4 c5 2. Nf3 Nc6 3. d4 cxd4 4. Nxd4 g6 5. Nc3 Bg7 6. Be3 Nf6 7. Bc4 O-O 8.
Bb3 a5 9. O-O d6 10. f3 Nxd4 11. Bxd4 Bd7 12. a4 Bc6 13. Qd2 Nd7 14. Be3 Nc5
15. Bc4 Qb6 16. b3 Qb4 17. Bd4 Nxa4 18. Bxg7 Kxg7 19. Nb1 Qxd2 20. Nxd2 Nc3 21.
Nb1 Nxb1 22. Rfxb1 b5 23. Bd3 Rfb8 24. Kf2 b4 25. Ke3 g5 26. Rc1 a4 27. bxa4
Bxa4 1/2-1/2

[Event "XL Mar del Plata International open"]
[Site "?"]
[Date "2009.04.10"]
[Round "7"]
[White "De Dovittis, Alejo"]
[Black "Rivas, Lucas Matias"]
[Result "1-0"]
[WhiteElo "2346"]
[BlackElo "1967"]
[PlyCount "33"]
[EventDate "2009.04.12"]
[SourceDate "2009.04.13"]

1. e4 e5 2. Nf3 Nf6 3. Nxe5 d6 4. Nf3 Nxe4 5. c4 d5 6. Nc3 Nf6 7. d4 Be7 8. Bg5
c6 9. Be2 dxc4 10. Bxc4 O-O 11. O-O Nbd7 12. Re1 Nb6 13. Bb3 Nfd5 14. Rxe7 Nxe7
15. Qe2 Nbd5 16. Bxd5 cxd5 17. Bxe7 1-0

[Event "XL Mar del Plata International open"]
[Site "?"]
[Date "2009.04.10"]
[Round "7"]
[White "Di Muro, Matias"]
[Black "Duarte, Leonardo"]
[Result "1/2-1/2"]
[WhiteElo "2231"]
[BlackElo "2349"]
[PlyCount "82"]
[EventDate "2009.04.12"]
[SourceDate "2009.04.13"]

1. e4 c5 2. Nf3 e6 3. d4 cxd4 4. Nxd4 Nc6 5. Nc3 Qc7 6. Be2 a6 7. O-O Nf6 8.
Kh1 d6 9. f4 Be7 10. a4 O-O 11. Be3 Nxd4 12. Qxd4 e5 13. Qd3 exf4 14. Bxf4 Be6
15. Rfd1 Rfd8 16. Qg3 Ne8 17. e5 dxe5 18. Bxe5 Qb6 19. Bd3 Bd6 20. a5 Qc5 21.
Bxd6 Nxd6 22. Qh4 h6 23. Ne4 Qc7 24. Nxd6 Rxd6 25. Qe4 g6 26. Qf4 h5 27. Rf1
Rad8 28. Rae1 Qd7 29. Qg5 Bd5 30. Re7 Qg4 31. Qxg4 hxg4 32. Kg1 R6d7 33. Re5 f5
34. Kf2 Kg7 35. Rfe1 Kf6 36. Re8 Rxe8 37. Rxe8 Bc6 38. Re1 Rh7 39. Kg1 Rd7 40.
Kf2 Rh7 41. Kg1 Rd7 1/2-1/2

[Event "XL Mar del Plata International open"]
[Site "?"]
[Date "2009.04.10"]
[Round "7"]
[White "Virgillito, Cristian"]
[Black "Mussanti, Diego"]
[Result "1-0"]
[WhiteElo "2216"]
[BlackElo "2327"]
[PlyCount "57"]
[EventDate "2009.04.12"]
[SourceDate "2009.04.13"]

1. e4 c5 2. Nf3 e6 3. d4 cxd4 4. Nxd4 Nc6 5. Nc3 d6 6. Be3 Nf6 7. Bc4 a6 8. Bb3
Na5 9. Qe2 Qc7 10. g4 b5 11. g5 Nd7 12. f4 Nc5 13. f5 Bd7 14. g6 hxg6 15. fxg6
fxg6 16. Bg5 Nc6 17. Nxc6 Bxc6 18. Rf1 b4 19. Nd5 Bxd5 20. exd5 e5 21. Ba4+
Nxa4 22. Qe4 Be7 23. Qxg6+ Kd8 24. Rf7 Re8 25. Bxe7+ Qxe7 26. Rxe7 Kxe7 27.
Qe6+ Kf8 28. Qxd6+ Kg8 29. Qxb4 1-0

[Event "XL Mar del Plata International open"]
[Site "?"]
[Date "2009.04.10"]
[Round "7"]
[White "Moreda, Lucas"]
[Black "Mavrich, Leandro Nicolas"]
[Result "1-0"]
[WhiteElo "2322"]
[BlackElo "2178"]
[PlyCount "47"]
[EventDate "2009.04.12"]
[SourceDate "2009.04.13"]

1. e4 c5 2. c3 d5 3. exd5 Qxd5 4. d4 Nc6 5. Be3 cxd4 6. cxd4 e5 7. Nc3 Bb4 8.
dxe5 Qxe5 9. Nf3 Bxc3+ 10. bxc3 Qa5 11. Bc4 Qxc3+ 12. Nd2 Bg4 13. Qb1 O-O-O 14.
O-O Rxd2 15. Rc1 Rd1+ 16. Rxd1 Qxc4 17. Rc1 Qa4 18. Qb2 Nge7 19. Rab1 Qa6 20.
Qxg7 Rg8 21. Qxf7 Kb8 22. Bc5 Ne5 23. Qxe7 Nf3+ 24. Kh1 1-0

[Event "XL Mar del Plata International open"]
[Site "?"]
[Date "2009.04.10"]
[Round "7"]
[White "Gimenez, Dante"]
[Black "Cejas, Jose Angel"]
[Result "0-1"]
[WhiteElo "2098"]
[BlackElo "2336"]
[PlyCount "120"]
[EventDate "2009.04.12"]
[SourceDate "2009.04.13"]

1. d4 c5 2. d5 e5 3. c4 d6 4. e4 Be7 5. Be3 Bg5 6. Qd2 Bxe3 7. Qxe3 Nh6 8. f3
f5 9. h3 O-O 10. Ne2 Na6 11. Nbc3 Bd7 12. O-O-O f4 13. Qf2 Nc7 14. g3 fxg3 15.
Qxg3 Rf6 16. Rg1 Rg6 17. Qh2 Rxg1 18. Qxg1 b5 19. cxb5 Nxb5 20. Nxb5 Bxb5 21.
Nc3 Bd7 22. Qg3 Qf6 23. Bb5 Rd8 24. Rg1 Bxb5 25. Nxb5 Rd7 26. b3 Rf7 27. Kb2 a6
28. Na3 Qxf3 29. Nc4 Qxg3 30. Rxg3 Rf2+ 31. Ka3 Nf7 32. Re3 Kf8 33. Nb2 Ke7 34.
Nd3 Rh2 35. b4 c4 36. Nb2 Ng5 37. Nxc4 Nxh3 38. Na5 Nf4 39. Nc6+ Kd7 40. Nb8+
Kc7 41. Nxa6+ Kb7 42. b5 Kb6 43. Kb3 Kxb5 44. Nc7+ Kb6 45. Ne8 g5 46. Nxd6 g4
47. Nc4+ Kc5 48. Nxe5 h5 49. Re1 g3 50. Nf3 Rf2 51. Rc1+ Kd6 52. Rc6+ Ke7 53.
d6+ Kd8 54. Ne5 Rd2 55. Ra6 Kc8 56. Ra8+ Kb7 57. Rg8 g2 58. d7 h4 59. Kc3 Rxd7
60. Nxd7 h3 0-1

[Event "XL Mar del Plata International open"]
[Site "Plaza del Agua"]
[Date "2009.04.10"]
[Round "7"]
[White "Evans, Pablo"]
[Black "Mavrich, Demian"]
[Result "0-1"]
[WhiteElo "2069"]
[BlackElo "2217"]
[PlyCount "106"]
[EventDate "2009.04.12"]
[SourceDate "2009.04.14"]

1. e4 c5 2. b3 d6 3. Bb2 Nf6 4. d3 e6 5. g3 Be7 6. Bg2 Nc6 7. Ne2 Qc7 8. O-O
O-O 9. Nd2 d5 10. exd5 exd5 11. Nf4 d4 12. h3 Bd7 13. Rc1 Rad8 14. Re1 Rfe8 15.
a4 Bd6 16. Rxe8+ Rxe8 17. Nh5 Nxh5 18. Qxh5 Re5 19. Qf3 Nd8 20. Nc4 Bc6 21. Qg4
f5 22. Qh4 Re6 23. Nxd6 Qxd6 24. Rf1 Bxg2 25. Kxg2 Nc6 26. Bc1 Nb4 27. Qg5 Qd5+
28. Kg1 Nxc2 29. Bd2 h6 30. Qf4 Re2 31. h4 Ne3 32. Bxe3 dxe3 33. Qc4 Qxc4 34.
bxc4 exf2+ 35. Kg2 Rd2 36. Rb1 b6 37. a5 Rxd3 38. axb6 axb6 39. Rc1 Kf7 40.
Kxf2 Rd4 41. Kf3 g5 42. hxg5 hxg5 43. Rb1 Rxc4 44. Rxb6 Rc3+ 45. Kf2 c4 46. Rc6
Kg7 47. Kg2 Rc1 48. Kf2 c3 49. Kg2 c2 50. Kh2 f4 51. Rc5 f3 52. g4 f2 53. Rc7+
Kf8 0-1

[Event "XL Mar del Plata International open"]
[Site "Plaza del Agua"]
[Date "2009.04.10"]
[Round "7"]
[White "Moccero, Eduardo"]
[Black "Fiori, Alberto Nicolas"]
[Result "1/2-1/2"]
[WhiteElo "2055"]
[BlackElo "2193"]
[PlyCount "52"]
[EventDate "2009.04.12"]
[SourceDate "2009.04.14"]

1. d4 Nf6 2. Nf3 e6 3. e3 b6 4. Bd3 Bb7 5. Nbd2 c5 6. c3 Be7 7. O-O d6 8. Qe2
Nd5 9. c4 Nb4 10. Bb1 Nd7 11. a3 Nc6 12. b3 Qc7 13. Bb2 e5 14. Bc2 O-O 15. dxe5
dxe5 16. Ne4 Nf6 17. Rfd1 Nxe4 18. Bxe4 Bf6 19. Qc2 h6 20. Rd2 Rad8 21. Rad1
Rxd2 22. Rxd2 Rd8 23. Rxd8+ Qxd8 24. Nxe5 Nxe5 25. Bxb7 Ng4 26. Bf3 h5 1/2-1/2

[Event "XL Mar del Plata International open"]
[Site "Plaza del Agua"]
[Date "2009.04.10"]
[Round "7"]
[White "Aguilar, Andres"]
[Black "Fernandez, Jorge Daniel"]
[Result "1-0"]
[WhiteElo "2192"]
[BlackElo "2051"]
[PlyCount "71"]
[EventDate "2009.04.12"]
[SourceDate "2009.04.14"]

1. e4 g6 2. d4 Bg7 3. Nf3 c6 4. Nc3 d5 5. h3 Nh6 6. Bd3 dxe4 7. Nxe4 Nf5 8. c3
Nd6 9. Bf4 Nxe4 10. Bxe4 Nd7 11. Qd2 Nf6 12. Bd3 Qa5 13. Be5 O-O 14. b4 Qd8 15.
O-O Nd7 16. Bxg7 Kxg7 17. Rae1 Nb6 18. Re5 e6 19. h4 Nd7 20. Rg5 a5 21. a3 axb4
22. axb4 Re8 23. Re1 b6 24. h5 Ba6 25. Bb1 Bc4 26. Rg3 e5 27. hxg6 hxg6 28. Rh3
Rh8 29. Rxh8 Qxh8 30. dxe5 Nf8 31. Qd4 Bd5 32. e6+ f6 33. c4 Nxe6 34. Qg4 Bxf3
35. Qxg6+ Kf8 36. Rxe6 1-0

[Event "XL Mar del Plata International open"]
[Site "Plaza del Agua"]
[Date "2009.04.10"]
[Round "7"]
[White "Alpern, Adrian"]
[Black "Maucci, Luis Marcelo"]
[Result "1-0"]
[WhiteElo "2179"]
[BlackElo "1932"]
[PlyCount "99"]
[EventDate "2009.04.12"]
[SourceDate "2009.04.14"]

1. e4 c5 2. Nf3 d6 3. c3 Nf6 4. Bc4 e6 5. Qe2 Nc6 6. d4 cxd4 7. cxd4 Be7 8. e5
dxe5 9. dxe5 Nd7 10. O-O O-O 11. Nc3 Qa5 12. Bf4 Nb6 13. Bd3 Nb4 14. Bb1 N6d5
15. Bg5 Qd8 16. Qe4 g6 17. Qh4 f6 18. exf6 Bxf6 19. Ne4 Bxg5 20. Nfxg5 Qe7 21.
Re1 Rf4 22. Qh6 Qg7 23. Qxg7+ Kxg7 24. Nc5 Rc4 25. Ncxe6+ Bxe6 26. Nxe6+ Kf6
27. b3 Rc3 28. Nd4 Nd3 29. Bxd3 Rxd3 30. Rad1 Rxd1 31. Rxd1 Nc3 32. Rd2 Rd8 33.
Kf1 Nxa2 34. Rxa2 Rxd4 35. Rxa7 Rb4 36. Ra3 Ke5 37. Ke2 Kd4 38. Kd2 Kc5 39. Kc3
Rf4 40. Ra2 b5 41. Re2 b4+ 42. Kd3 Kd5 43. f3 Rf7 44. Re4 Kc5 45. Re5+ Kd6 46.
Rb5 Rf4 47. Ke3 Rh4 48. h3 Kc6 49. Re5 Kd6 50. Re4 1-0